| Tag |
First Indicator |
Second Indicator |
Subfields |
| LEADER |
00000cam a2200000 a 4500 |
| 001 |
in00001407074 |
| 005 |
20151020073118.0 |
| 008 |
971216s1997 ilua b 001 0 eng d |
| 010 |
|
|
|a 97073556
|
| 020 |
|
|
|a 0910761906
|
| 035 |
|
|
|a (OCoLC)38095675
|
| 035 |
|
|
|9 AHQ4045AM
|
| 037 |
|
|
|b American Academy of Pediatrics, PO Box 927, 141 Northwest Point Blvd, Elk Grove Village, IL 60009-0927
|
| 040 |
|
|
|a OHI
|c OHI
|d CQL
|d MBU
|d TXA
|d UtOrBLW
|
| 043 |
|
|
|a n-us---
|
| 049 |
|
|
|a TXAM
|
| 082 |
0 |
4 |
|a 617.1/0083
|2 21
|
| 090 |
|
|
|a RD93.5.C4
|b I54 1997
|
| 096 |
|
|
|a WO 925 I56 1997
|
| 245 |
0 |
0 |
|a Injury prevention and control for children and youth /
|c editor: Mark D. Widome ; author: Committee on Injury and Poison Prevention, American Academy of Pediatrics.
|
| 250 |
|
|
|a 3rd ed.
|
| 264 |
|
1 |
|a Elk Grove Village, IL :
|b American Academy of Pediatrics,
|c [1997]
|
| 264 |
|
4 |
|c ©1997
|
| 300 |
|
|
|a xii, 468 pages :
|b illustrations ;
|c 21 cm.
|
| 336 |
|
|
|a text
|b txt
|2 rdacontent
|
| 337 |
|
|
|a unmediated
|b n
|2 rdamedia
|
| 338 |
|
|
|a volume
|b nc
|2 rdacarrier
|
| 504 |
|
|
|a Includes bibliographical references and index.
|
| 650 |
|
0 |
|a Children
|x Wounds and injuries
|z United States
|x Prevention.
|
| 650 |
|
0 |
|a Accidents
|z United States
|x Prevention.
|
| 650 |
1 |
2 |
|a Accident Prevention
|x in infancy & childhood.
|
| 650 |
1 |
2 |
|a Wounds and Injuries
|x prevention & control
|x in infancy & childhood.
|
| 700 |
1 |
|
|a Widome, Mark D.,
|e editor.
|
| 710 |
2 |
|
|a American Academy of Pediatrics.
|b Committee on Injury and Poison Prevention.
|
| 948 |
|
|
|a c:cer
|
| 999 |
|
|
|a MARS
|
| 999 |
f |
f |
|s b7c05aa7-b0fd-3ab7-98f1-0107e5c7c023
|i bca07d64-0d27-37f9-8e95-c7cbb9b05eca
|t 0
|
| 952 |
f |
f |
|p ric
|a Texas A&M University
|b Rellis Campus
|c Joint Library Facility
|d Remote Storage
|t 0
|e RD93.5.C4 I54 1997
|h Library of Congress classification
|i unmediated -- volume
|m A14822564247
|
| 998 |
f |
f |
|a RD93.5.C4 I54 1997
|t 0
|l Remote Storage
|